Inkontinencia moču

Bibliographic Details
Main Author: Goncalves, Frederico, 1961- (Author)
Format: Article
Language:Slovak

MARC

LEADER 00000nab a2200000ua 4500
001 vtls010829607
003 SK-MaSNL
005 20260303144425.0
008 230222s2002 xo |||||||||||||||||slo|
035 |a (urnnbn)urn:nbn:sk:snk:ar-a06fx1 
035 |a urn:nbn:sk:snk-ab5uxe 
035 |a (uuid)aeb8d760-41e2-4387-8bdd-b537299896cc 
040 |a SNKBUCL  |b slo  |c SNKBUCL  |e AACR2 
041 0 |a slo 
044 |a xo  |c SK 
100 1 |a Goncalves, Frederico,  |d 1961-  |4 aut  |9 259164 
245 1 0 |a Inkontinencia moču  |c Frederico Goncalves 
773 0 |t Sestra : odborný mesačník pre ošetrovateľstvo  |g Roč. 1, č. 4 (2002), s. 38-39 
954 |a odborná, vedecká literatúra pôvodná (slovenská)  |2 lita 
958 |a OND 
958 |a EUIPO 
958 |a article5 
999 |c 1997356  |d 1999286